00849nam a2200229 i 4500001000700000003000900007005001700016007000300033008004100036080001500077100002600092245011500118260004900233300002200282490003600304650002800340710003400368830004400402852003200446999001900478952012200497134657ES-MaACL20230906194722.0t|070912s1971 sp ||||1| spa d a141.32(04)1 aYarce, Jorge.911758013aLa comunicación personal b: análisis de una teoría existencial de la intersubjetividad / cJorge Yarce. aPamplona : bUniversidad de Navarra, c1971. a240 p. ; c21 cm.1 aColección filosófica ; v1614aExistencialismo.9126792 aUniversidad de Navarra.972520 aColección filosófica ; v169180473 aES-MaACLjC-38712 bR.78213 c134657d134657 00104070aATENEOMbATENEOMcDEPO2d2008-01-17eSCl0oC-38712p1140161r2023-02-23 00:00:00w2023-02-23yMONOGRAFIA